000 00277nam a22001217a 4500
082 _a001
_bENC/U
100 _aENCYCLOPEDIA BRITANICA
245 _aULTIMATEREFERENCE- TECHNOLOGY
246 _aTECHNOLOGY
_bTECHNOLOGY
520 _aTECHNOLOGY
650 _aTECHNOLOGY
942 _cVM
999 _c7829
_d7829